000 00739nas a2200253 4500
001 BR0705154
003 BR-BrBNA
005 20231205111215.0
007 ta
008 230509b bl.|||p| |||| 00| 00por d
040 _aBR-BrBNA
_bpor
_cBiblioteca Nacional de Agricultura
041 _a(Pt)
072 _aF01; E70
100 1 _aLeme, J.M.
100 1 _aHonório, S.L.
245 1 _aPadronização e qualidade de antúrio
650 _aFLOR PARA CORTE
650 _aMERCADO
650 _aPADRÃO DE QUALIDADE
650 _aANTÚRIO
773 0 _tRevista Brasileira de Horticultura Ornamental (Brazil)
_xISSN 1414-039X
_g(2004), v.10(1-2) p. 48-50
_wBR0705154
909 _a202311
_bLúcia
_c55
_dLúcia Elande
942 _2AGRIS
_n0
_cANA
999 _c191344
_d191344